Every 12 Points at Eurovision 2025 - Statistics

General Stats
  • This quiz has been taken 33 times
  • The average score is 30 of 37
Answer Stats
Hint Answer % Correct
Belgium Austria
95%
Finland Austria
95%
Armenia France
95%
Cyprus Greece
95%
Ireland Austria
90%
Albania France
90%
Iceland Sweden
90%
Germany Austria
86%
Sweden Austria
86%
Luxembourg France
86%
Australia Greece
86%
Azerbaijan Israel
86%
San Marino Italy
86%
Slovenia Italy
86%
Spain Switzerland
86%
Latvia Austria
81%
Norway Austria
81%
Austria Finland
81%
Croatia Italy
81%
Georgia Italy
81%
Netherlands Austria
76%
Greece France
76%
Serbia France
76%
Ukraine Germany
76%
Switzerland Italy
76%
Denmark Latvia
76%
Lithuania Latvia
76%
United Kingdom Latvia
76%
Italy United Kingdom
76%
France Albania
71%
Malta Armenia
71%
Czechia Germany
71%
Montenegro Greece
71%
Portugal Italy
71%
Estonia Switzerland
71%
Poland Switzerland
71%
Israel Greece
67%
No matching quizzes found
Score Distribution
Percent of People with Each Score
Percentile by Number Answered
Your Score History
You have not taken this quiz